| 000 | 00544nam a2200193Ii 4500 | ||
|---|---|---|---|
| 003 | JO-AjNU | ||
| 008 | 230606s9999||||xx |||||||||||||| ||und|| | ||
| 020 | _a978-0-19-958129-0 | ||
| 040 |
_aJO-AjNU _beng _erda _cJO-AjNU |
||
| 041 | _aeng | ||
| 050 | 1 | 4 | _aKD1269.T67.2010 |
| 100 | 3 |
_aTorremans ، Paul, _eauthor _91698 |
|
| 245 | 0 | 0 | _aHoltoak And Intellectual Property Law |
| 264 | 3 | 1 | _aNew York : Oxford ، 2010 |
| 300 | _a651p | ||
| 336 |
_atext _btxt _2rdacontent |
||
| 337 |
_aunmediated _bn _2rdamedia |
||
| 338 |
_avolume _bnc _2rdacarrier |
||
| 999 |
_aE895 _c895 _d895 |
||